000 00449nam a2200181Ia 4500
005 20250603145707.0
008 250603s9999 xx 000 0 und d
020 _a9781403144850
050 _aBP 605.S2 .H83/
100 _aHubbard, Ron L.
245 0 _aScience of survival: prediction of human behavior
260 _aCalifornia
260 _bBridge Publications
260 _c2012
300 _a729 p
650 _aCalifornia
942 _cBK
999 _c42580
_d42580